Statistics for History of Nintendo

Click here to take the quiz!

General Stats

  • This quiz has been taken 250 times
  • The average score is 13 of 15

Answer Stats

HintAnswer% Correct
1989Gameboy
97%
2006Wii
95%
1985NES
94%
1996Nintendo 64
92%
2004DS
92%
1991SNES
91%
2001Gamecube
91%
2012Wii U
91%
20113DS
90%
2001Gameboy Adv
88%
1998Gameboy Color
83%
2009DSi
69%
1995Virtual Boy
67%
2006DS lite
65%
1980Game and Watch
54%

Score Distribution

Percentile by Number Answered

Percent of People with Each Score

Your Score History

You have not taken this quiz